British Birds by Picture - Warblers - Statistics

General Stats
  • This quiz has been taken 12 times
  • The average score is 35 of 56
Answer Stats
Picture Hint Answer % Correct
Acrocephalus scirpaceus Common Reed Warbler
100%
Sylvia atricapilla (*) Eurasian Blackcap
100%
Acrocephalus palustris Marsh Warbler
100%
Curruca nisoria Barred Warbler
83%
Cettia cetti Cetti's Warbler
83%
Phylloscopus collybita (*) Common Chiffchaff
83%
Locustella naevia Common Grasshopper Warbler
83%
Curruca communis (*) Common Whitethroat
83%
Curruca undata Dartford Warbler
83%
Phylloscopus trochiloides Greenish Warbler
83%
Phylloscopus nitidus Green Warbler
83%
Curruca curruca (*) Lesser Whitethroat
83%
Phylloscopus proregulus Pallas's Leaf Warbler
83%
Curruca melanocephala Sardinian Warbler
83%
Locustella luscinioides Savi's Warbler
83%
Acrocephalus schoenobaenus Sedge Warbler
83%
Phylloscopus trochilus Willow Warbler
83%
Phylloscopus sibilatrix Wood Warbler
83%
Phylloscopus inornatus Yellow-Browed Warbler
83%
Acrocephalus paludicola Aquatic Warbler
67%
Phylloscopus borealis Arctic Warbler
67%
Curruca nana Asian Desert Warbler
67%
Curruca cantillans Eastern Subalpine Warbler
67%
Sylvia borin Garden Warbler
67%
Acrocephalus arundinaceus Great Reed Warbler
67%
Phylloscopus humei Hume's Leaf Warbler
67%
Hippolais icterina Icterine Warbler
67%
Hippolais polyglotta Melodious Warbler
67%
Curruca subalpina Moltoni's Warbler
67%
Locustella fluviatilis River Warbler
67%
Curruca ruppeli Rüppell's Warbler
67%
Curruca iberiae Western Subalpine Warbler
67%
Cisticola juncidis (*) Zitting Cisticola
67%
Phylloscopus fuscatus Dusky Warbler
50%
Phylloscopus orientalis Eastern Bonelli's Warbler
50%
Iduna pallida Eastern Olivaceous Warbler
50%
Locustella lanceolata Lanceolated Warbler
50%
Hippolais olivetorum Olive-Tree Warbler
50%
Acrocephalus agricola Paddyfield Warbler
50%
Phylloscopus tenellipes Pale-Legged Leaf Warbler
50%
Helopsaltes certhiola Pallas's Grasshopper Warbler
50%
Phylloscopus schwarzi Radde's Warbler
50%
Curruca conspicillata Spectacled Warbler
50%
Phylloscopus plumbeitarsus Two-Barred Warbler
50%
Phylloscopus bonelli Western Bonelli's Warbler
50%
Iduna opaca Western Olivaceous Warbler
50%
Acrocephalus dumetorum Blyth's Reed Warbler
33%
Curruca crassirostris Eastern Orphean Warbler
33%
Phylloscopus ibericus (*) Iberian Chiffchaff
33%
Curruca sarda Marmora's Warbler
33%
Phylloscopus griseolus Sulphur-Bellied Warbler
33%
Iduna rama Syke's Warbler
33%
Arundinax aedon Thick-Billed Warbler
33%
Curruca hortensis Western Orphean Warbler
33%
Iduna caligata Booted Warbler
17%
Phylloscopus coronatus Eastern Crowned Warbler
17%
No matching quizzes found
Score Distribution
Percent of People with Each Score
Percentile by Number Answered
Your Score History
You have not taken this quiz